<?xml version="1.0" encoding="UTF-8"?>
<record
    xmlns:xsi="http://www.w3.org/2001/XMLSchema-instance"
    xsi:schemaLocation="http://www.loc.gov/MARC21/slim http://www.loc.gov/standards/marcxml/schema/MARC21slim.xsd"
    xmlns="http://www.loc.gov/MARC21/slim">

  <leader>02435nam a2200385 i 4500</leader>
  <controlfield tag="001">000005195</controlfield>
  <controlfield tag="003">OSt</controlfield>
  <controlfield tag="005">20260310135007.0</controlfield>
  <controlfield tag="007">ta</controlfield>
  <controlfield tag="008">090814s2004    dr ac         001 0 spa d</controlfield>
  <datafield tag="020" ind1=" " ind2=" ">
    <subfield code="a">9993448133</subfield>
  </datafield>
  <datafield tag="040" ind1=" " ind2=" ">
    <subfield code="a">DO-SdBNP</subfield>
    <subfield code="b">spa</subfield>
    <subfield code="c">BNPHU</subfield>
    <subfield code="e">rda</subfield>
  </datafield>
  <datafield tag="041" ind1=" " ind2=" ">
    <subfield code="a">spa</subfield>
  </datafield>
  <datafield tag="082" ind1=" " ind2="4">
    <subfield code="a">342.729302</subfield>
    <subfield code="b">C758m</subfield>
    <subfield code="2">22</subfield>
  </datafield>
  <datafield tag="245" ind1="0" ind2="0">
    <subfield code="a">Constituci&#xF3;n de 1963, 40 a&#xF1;os despu&#xE9;s :</subfield>
    <subfield code="b">vivencias y perspectivas /</subfield>
    <subfield code="c">edici&#xF3;n, Aura Celeste Fern&#xE1;ndez R. ... [y otros] ; pr&#xF3;logo, Jorge Nef.</subfield>
  </datafield>
  <datafield tag="250" ind1=" " ind2=" ">
    <subfield code="a">Primera edici&#xF3;n </subfield>
  </datafield>
  <datafield tag="264" ind1=" " ind2=" ">
    <subfield code="a">Santo Domingo,  Rep&#xFA;blica Dominicana :</subfield>
    <subfield code="b">UNIBE,</subfield>
    <subfield code="c">&#xA9;2004.</subfield>
  </datafield>
  <datafield tag="300" ind1=" " ind2=" ">
    <subfield code="a">xli, 230 p&#xE1;ginas :</subfield>
    <subfield code="b">ilustraciones, retratos ;</subfield>
    <subfield code="c">22 cm.</subfield>
  </datafield>
  <datafield tag="336" ind1=" " ind2=" ">
    <subfield code="a">texto</subfield>
    <subfield code="b">txt</subfield>
    <subfield code="2">rdacontent</subfield>
  </datafield>
  <datafield tag="337" ind1=" " ind2=" ">
    <subfield code="a">sin mediaci&#xF3;n</subfield>
    <subfield code="b">n</subfield>
    <subfield code="2">rdamedia </subfield>
  </datafield>
  <datafield tag="338" ind1=" " ind2=" ">
    <subfield code="a">volumen  </subfield>
    <subfield code="b">nc</subfield>
    <subfield code="2">rdacarrier </subfield>
  </datafield>
  <datafield tag="500" ind1=" " ind2=" ">
    <subfield code="a">Ponencias del panel realizado en UNIBE el 29 de abril de 2003.</subfield>
  </datafield>
  <datafield tag="504" ind1=" " ind2=" ">
    <subfield code="a">Incluye bibliograf&#xED;a y notas al pie de p&#xE1;ginas.</subfield>
  </datafield>
  <datafield tag="504" ind1=" " ind2=" ">
    <subfield code="a">Bibliograf&#xED;a: p&#xE1;ginas 39-41.</subfield>
  </datafield>
  <datafield tag="505" ind1="0" ind2=" ">
    <subfield code="g">Presentaci&#xF3;n /</subfield>
    <subfield code="r">Aura Celeste Fern&#xE1;ndez R. --</subfield>
    <subfield code="g">Pr&#xF3;logo /</subfield>
    <subfield code="r">Jorge Nef. --</subfield>
    <subfield code="t">Palabras de bienvenida al panel /</subfield>
    <subfield code="r">Gustavo Batista Vergas; Diomedes N&#xFA;&#xF1;ez Polanco; Aura Celeste Fern&#xE1;ndez R.; Guillermo Moreno --</subfield>
    <subfield code="t">Los derechos sociales en la Constituci&#xF3;n de 1963 /</subfield>
    <subfield code="r">Rafael f. Albuquerque --</subfield>
    <subfield code="t">La Constituci&#xF3;n de 1963 y sus antecedentes /</subfield>
    <subfield code="r">Luis G&#xF3;mez P&#xE9;rez --</subfield>
    <subfield code="t">Derechos humanos en la Constituci&#xF3;n de 1963 /</subfield>
    <subfield code="r">Cesar Pina Toribio --</subfield>
    <subfield code="t">Factores que incidieron en formaci&#xF3;n de la Constituci&#xF3;n de 1963 /</subfield>
    <subfield code="r">Flavio Dar&#xED;o Espinal Jacobo --</subfield>
    <subfield code="t">Trascendencia hist&#xF3;rica de la Constituci&#xF3;n de 1963: insinuaciones para la renovaci&#xF3;n democr&#xE1;tica y popular dominicana /</subfield>
    <subfield code="r">Jos&#xE9; Ant&#xED;noe Fiallo Billini --</subfield>
    <subfield code="t">Impacto de la Constituci&#xF3;n de 1963 en la prensa /</subfield>
    <subfield code="r">Rafael Molina Morillo --</subfield>
    <subfield code="t">El legado de la Constituci&#xF3;n de 1963 a la reforma constitucional pendiente /</subfield>
    <subfield code="r">Leyda Margarita Pi&#xF1;a --</subfield>
    <subfield code="g">Palabras de cierre del evento /</subfield>
    <subfield code="r">Daniel Beltr&#xE9; --</subfield>
    <subfield code="g">Anexos.</subfield>
  </datafield>
  <datafield tag="590" ind1=" " ind2=" ">
    <subfield code="a">Inventariado,2019/VM</subfield>
  </datafield>
  <datafield tag="651" ind1="1" ind2="4">
    <subfield code="a">REP&#xDA;BLICA DOMINICANA</subfield>
    <subfield code="x">CONSTITUCI&#xD3;N 1963</subfield>
    <subfield code="9">448</subfield>
  </datafield>
  <datafield tag="651" ind1="1" ind2="4">
    <subfield code="a">REP&#xDA;BLICA DOMINICANA</subfield>
    <subfield code="x">DERECHO CONSTITUCIONAL</subfield>
    <subfield code="x">ENSAYOS, CONFERENCIAS, ETC.</subfield>
    <subfield code="9">14860</subfield>
  </datafield>
  <datafield tag="700" ind1="1" ind2=" ">
    <subfield code="a">Fern&#xE1;ndez Rodr&#xED;guez, Aura Celeste,</subfield>
    <subfield code="d">1959-</subfield>
    <subfield code="9">76547</subfield>
  </datafield>
  <datafield tag="700" ind1="1" ind2=" ">
    <subfield code="a">Nef, Jorge,</subfield>
    <subfield code="e">prologuista</subfield>
    <subfield code="9">14862</subfield>
    <subfield code="4">pr</subfield>
  </datafield>
  <datafield tag="710" ind1="1" ind2=" ">
    <subfield code="a">Universidad Iberoamericana (Rep&#xFA;blica Dominicana)</subfield>
    <subfield code="9">10124</subfield>
  </datafield>
  <datafield tag="710" ind1="2" ind2=" ">
    <subfield code="a"> Fundaci&#xF3;n Juan Bosch</subfield>
    <subfield code="9">84953</subfield>
  </datafield>
  <datafield tag="910" ind1=" " ind2=" ">
    <subfield code="a">Validado. Control de calidad EMS</subfield>
  </datafield>
  <datafield tag="942" ind1=" " ind2=" ">
    <subfield code="2">ddc</subfield>
    <subfield code="c">LBS1</subfield>
  </datafield>
  <datafield tag="952" ind1=" " ind2=" ">
    <subfield code="0">0</subfield>
    <subfield code="1">0</subfield>
    <subfield code="2">ddc</subfield>
    <subfield code="5">1</subfield>
    <subfield code="7">0</subfield>
    <subfield code="8">PD</subfield>
    <subfield code="a">BNPHU</subfield>
    <subfield code="b">BNPHU</subfield>
    <subfield code="c">HD</subfield>
    <subfield code="d">2009-08-14</subfield>
    <subfield code="l">0</subfield>
    <subfield code="o">BNPHU PD 342.729302 C758m</subfield>
    <subfield code="p">5195-10</subfield>
    <subfield code="r">2020-06-25</subfield>
    <subfield code="w">2020-06-25</subfield>
    <subfield code="y">LBS1</subfield>
    <subfield code="Z">No se presta</subfield>
  </datafield>
  <datafield tag="952" ind1=" " ind2=" ">
    <subfield code="0">0</subfield>
    <subfield code="1">0</subfield>
    <subfield code="2">ddc</subfield>
    <subfield code="5">1</subfield>
    <subfield code="7">0</subfield>
    <subfield code="8">PD</subfield>
    <subfield code="a">BNPHU</subfield>
    <subfield code="b">BNPHU</subfield>
    <subfield code="c">HD</subfield>
    <subfield code="d">2012-09-29</subfield>
    <subfield code="l">0</subfield>
    <subfield code="o">BNPHU PD 342.729302 C758m</subfield>
    <subfield code="p">5195-20</subfield>
    <subfield code="r">2020-06-25</subfield>
    <subfield code="t">e.2</subfield>
    <subfield code="w">2020-06-25</subfield>
    <subfield code="y">LBS1</subfield>
    <subfield code="Z">No se presta</subfield>
  </datafield>
  <datafield tag="952" ind1=" " ind2=" ">
    <subfield code="0">0</subfield>
    <subfield code="1">0</subfield>
    <subfield code="2">ddc</subfield>
    <subfield code="5">6</subfield>
    <subfield code="7">0</subfield>
    <subfield code="8">DS</subfield>
    <subfield code="a">BNPHU</subfield>
    <subfield code="b">BNPHU</subfield>
    <subfield code="c">HD</subfield>
    <subfield code="d">2015-06-24</subfield>
    <subfield code="l">0</subfield>
    <subfield code="o">BNPHU DS 342.729302 C758m</subfield>
    <subfield code="p">5195-30</subfield>
    <subfield code="r">2020-06-25</subfield>
    <subfield code="t">e.3</subfield>
    <subfield code="w">2020-06-25</subfield>
    <subfield code="y">LBS1</subfield>
    <subfield code="z">Perteneci&#xF3; a la biblioteca personal de Chiqui Vicioso / Fidelio Despradel.</subfield>
    <subfield code="Z">Pr&#xE9;stamo en sala</subfield>
  </datafield>
  <datafield tag="952" ind1=" " ind2=" ">
    <subfield code="0">0</subfield>
    <subfield code="1">0</subfield>
    <subfield code="2">ddc</subfield>
    <subfield code="5">6</subfield>
    <subfield code="7">0</subfield>
    <subfield code="8">DS</subfield>
    <subfield code="a">BNPHU</subfield>
    <subfield code="b">BNPHU</subfield>
    <subfield code="c">HD</subfield>
    <subfield code="d">2018-07-09</subfield>
    <subfield code="e">Donado por CERTEV</subfield>
    <subfield code="l">0</subfield>
    <subfield code="o">BNPHU DS 342.729302 C758m</subfield>
    <subfield code="p">2026-1861</subfield>
    <subfield code="r">2026-03-10</subfield>
    <subfield code="t">e.4</subfield>
    <subfield code="w">2026-03-10</subfield>
    <subfield code="y">LBS1</subfield>
  </datafield>
  <datafield tag="999" ind1=" " ind2=" ">
    <subfield code="c">4997</subfield>
    <subfield code="d">4997</subfield>
  </datafield>
</record>
